000 00412pab a2200157 454500
008 180718b2007 xxu||||| |||| 00| 0 eng d
100 _aBanerjee, Shyamal
245 _aThe need to know and the fear of knowledge: some tips for the HR manager
260 _c2007
300 _ap.514-17.
362 _aJul
650 _aKnowledge management
773 _aManagement Accountant
908 _aN
909 _a75427
999 _c75427
_d75427